The middle-income trap Definitions, interpretations and analytical tools with implications for China
| Szerzők: | |
|---|---|
| Dokumentumtípus: | Könyv része |
| Megjelent: |
Budapesti Gazdaságtudományi Egyetem
Budapest
2025
|
| Sorozat: | Szemelvények a BGE kutatásaiból 2024
|
| Tárgyszavak: | |
| doi: | 10.29180/978-615-6886-21-7_15 |
| Kulcsszavak: | Middle-income trap labour productivity technological innovation political economy economic structure. |
| Online Access: | http://publikaciotar.uni-bge.hu/2578 |
MARC
| LEADER | 00000naa a2200000 i 4500 | ||
|---|---|---|---|
| 001 | publ2578 | ||
| 005 | 20251125134224.0 | ||
| 008 | 251125s2025 hu o 000 zxx d | ||
| 020 | |a 978-615-6886-21-7 | ||
| 024 | |a 10.29180/978-615-6886-21-7_15 |2 doi | ||
| 040 | |a BGE Publikációtár Repozitórium |b hun | ||
| 100 | 1 | |a Losoncz Miklós | |
| 245 | 1 | 4 | |a The middle-income trap |b Definitions, interpretations and analytical tools with implications for China |c Losoncz Miklós |h [elektronikus dokumentum] |
| 260 | |a Budapesti Gazdaságtudományi Egyetem |b Budapest |c 2025 | ||
| 300 | |a 143-151 | ||
| 490 | 0 | |a Szemelvények a BGE kutatásaiból 2024 | |
| 650 | 4 | |a közgazdaságtudományok | |
| 695 | |a Middle-income trap | ||
| 695 | |a labour productivity | ||
| 695 | |a technological innovation | ||
| 695 | |a political economy | ||
| 695 | |a economic structure. | ||
| 700 | 1 | |a Rurong Chen |e aut | |
| 856 | 4 | 0 | |u https://publikaciotar.uni-bge.hu/id/eprint/2578/1/BGE%20Szemelv%C3%A9nyek%202024%20III.%20k%C3%B6tet_15.pdf |z Dokumentum-elérés |